000 00689nam a2200229 4500
008 b xx# fre u
010 _a42635
020 _a2010148428
020 _a9782010148422
040 _aLB-BrCRDP
082 _a372.21/J94j
100 1 _aJullemier, G.
130 0 _lFR
245 1 0 _aJouer, c'est trés sérieux
_bdes jeux mathématiques dès l'âge de 3 ans
_cG. Jullemier
260 _aParis
_bHachette
_c1989
300 _a127p. :
_bill. ;
_c26cm
490 0 _aActivités pratiques à l'école maternelle
650 _aEnseignement préscolaire
650 _aJeux et récréations mathématiques
942 _cBK
999 _c12143
_d12143